000 00722cam a2200229 a 4500
001 13656683
005 20260416105754.0
008 040614s2004 ii b 001 0 eng
020 _a8171771580
020 _a9788171771585
050 0 0 _aKNS446
082 0 0 _a342.5408/5
_222
100 1 _aIshwara Bhat, P.,
_d1955-
245 1 0 _aFundamental rights :
_ba study of their interrelationship /
_cby P. Ishwara Bhat ; foreword by M.N. Venkatachaliah.
260 _aKolkata :
_bEastern Law House,
_cc2004.
300 _a69, 673 p. ;
_c25 cm.
500 _aincludes index
650 0 _aCivil rights
_zIndia.
650 0 _aHuman rights.
700 _aIshwara Bhat, P.,
_cMA, LLM,PHD, Dean facultyof law.
942 _2lcc
_cBK
_n0
999 _c9224
_d9224